01266nam a2200265 a 450000100100000000500170001000800410002704000250006808200170009310000280011024500980013826000440023630000230028049000190030350001210032250000350044350400740047853401050055270000430065783000260070004900090072695201210073595201270085699900170098300002517820200930023617.0110210s1966 mx r 001 0 spa d aDO-SdBNPbspacBNPHU axxxxxbB875f1 aBroudy, Harry S.95165714aUna filosofía de la educación /cHarry S. Broudy ; traducción Rafael Castillo Dibildox. aMéxico, D. F. :bLimusa-Wiley,c1966. a424 p. ;c21.5 cm.1 aEl nuevo mundo aEn la portada: análisis sistemático y valoración crítica de problemas y métodos en la educación moderna. aIncluye índice alfabético. aIncluye referencias bibliográficas y notas al pie de las páginas. aTítulo origina:tBuilding a philosophy of education,c2a ed. New jersey : Prentice-Hall, 1954-19611 aCastillo Dibildox, Rafael,etr.948132 0aEl nuevo mundo951658 aBNGR 001054708MOaGRbGRcCTd2011-02-10iLF1l0oxxxxx B875fp25178-10r2020-06-25w2020-06-25y4ZPréstamo en sala 001054728MOaGRbGRcCTd2011-02-11iLF1l0oxxxxx B875fp25178-20r2020-06-25te. 2w2020-06-25y4ZPréstamo en sala c24671d24671